Rapper famosi in italia - Statistics

Statistiche generali
  • Questo quiz è stato fatto 316 volte
  • Il punteggio medio è 7 su 21
Statistiche sulle risposte
Risposta % Corretto
Sfera ebbasta
87%
Gue
81%
Shiva
61%
Lazza
56%
Tony effe
47%
Baby gang
46%
Capo plaza
43%
Tony boy
42%
Geolier
39%
Simba la rue
39%
Ghali
29%
Artie 5ive
28%
Anna pepe
23%
Niky savage
13%
MamboLosco
10%
VillaBanks
10%
Neima Ezza
7%
Escomar
3%
Nabi
3%
Medy Cartier
1%
Zefe
1%
Nessun quiz corrispondente trovato
Distribuzione punteggi
Percentuale di utenti per punteggio
Percentile per numero di risposta
I tuoi punteggi nel tempo
Non hai fatto questo quiz